000
00374nam a2200133Ia 4500
008
100328s9999 xx 000 0 und d
082
_b
57316
100
_a
आचार्य नयना
245
_a
घेतवे व्रत
260
_b
मंगलदीप
630
_a
घेतवे व्रत
730
_a
घेतवे व्रत
942
_c
BOOK
999
_c
543775
_d
543772